[Event "Kreis-EM Mfr.Mitte 1997/98"]
[Site "Stein (15.11.-6.12.97)"]
[Date "1997.??.??"]
[Round "6"]
[White "Klein, Waldemar(58)"]
[Black "Hennemann, Herbert"]
[Result "1-0"]
[WhiteElo "1951"]
[BlackElo "1587"]
[PlyCount "71"]
[EventDate "1997.12.??"]
[WhiteTeam "Nürnberg-Süd SW"]

1. Nf3 d5 2. g3 e5 3. Nxe5 Qf6 4. d4 c5 5. c3 Nc6 6. Nxc6 bxc6 7. Bg2 Bd6 8.
O-O Ne7 9. Be3 c4 10. Qc1 O-O 11. Bg5 Qe6 12. Bxe7 Qxe7 13. Re1 f5 14. e3 Rb8
15. Nd2 g5 16. b3 cxb3 17. axb3 f4 18. exf4 Qf7 19. b4 gxf4 20. Nf3 Qg7 21. Ne5
fxg3 22. fxg3 Bxe5 23. Rxe5 Bf5 24. Qe3 Qg6 25. Rxa7 Qh6 26. Bf3 Qh3 27. Qg5+
Bg6 28. Bg2 Qc8 29. Ree7 Rf5 30. Qh6 Rf7 31. Bh3 Qf8 32. Qg5 Kh8 33. Rxf7 Bxf7
34. Qf6+ Kg8 35. Rxf7 Re8 36. Rxf8+ 1-0

[Event "Kreis-EM Mfr.Mitte 1997/98"]
[Site "Stein (15.11.-6.12.97)"]
[Date "1997.??.??"]
[Round "6"]
[White "Pilch, Jan"]
[Black "Neumann, Peter(46)"]
[Result "1/2-1/2"]
[WhiteElo "1577"]
[BlackElo "1482"]
[PlyCount "78"]
[EventDate "1997.12.??"]
[BlackTeam "Nürnberg-Süd SW"]

1. e4 d5 2. exd5 Nf6 3. d4 Nxd5 4. Bc4 e6 5. Nf3 Be7 6. Ne5 O-O 7. O-O Nd7 8.
Nc3 N7f6 9. Bg5 h6 10. Bxf6 Bxf6 11. Ne4 Be7 12. c3 Bd7 13. Bd3 Nf4 14. Bc2 Qe8
15. Qg4 Nd5 16. Qh5 Nf4 17. Qg4 Nd5 18. f4 f5 19. Qf3 fxe4 20. Bxe4 Nxf4 21.
Qg4 h5 22. Qd1 Bc6 23. Nxc6 bxc6 24. Qf3 Rb8 25. b3 g5 26. Rae1 Nd5 27. Qh3 Nf4
28. Rxf4 Rxf4 29. Qxe6+ Qf7 30. Qxc6 Rf8 31. Bd3 Qf6 32. Qxc7 Rf2 33. Qxe7
Rxg2+ 34. Kxg2 Qf3+ 35. Kg1 Qf2+ 36. Kh1 Qf3+ 37. Kg1 Qf2+ 38. Kh1 Qf3+ 39. Kg1
Qf2+ 1/2-1/2

[Event "Kreis-EM Mfr.Mitte 1997/98"]
[Site "Stein (15.11.-6.12.97)"]
[Date "1997.??.??"]
[Round "6"]
[White "Grasser, Stefan"]
[Black "Schmidt, Erich(34)++"]
[Result "1-0"]
[WhiteElo "1552"]
[BlackElo "1650"]
[PlyCount "87"]
[EventDate "1997.12.??"]
[BlackTeam "Stein SC"]

1. d4 e6 2. Nf3 Nf6 3. Bg5 Be7 4. Nbd2 d5 5. e3 Nbd7 6. Bd3 c5 7. c3 Qc7 8. Bf4
Bd6 9. Bxd6 Qxd6 10. O-O O-O 11. Re1 Re8 12. Qb1 c4 13. Bc2 e5 14. dxe5 Nxe5
15. e4 Nxf3+ 16. Nxf3 dxe4 17. Bxe4 Nxe4 18. Rxe4 Bd7 19. Qc2 Qd3 20. Qxd3 cxd3
21. Rae1 f6 22. Rxe8+ Rxe8 23. Rxe8+ Bxe8 24. Nd2 Kf7 25. f3 Ke6 26. Kf2 g5 27.
Ke3 Bg6 28. Ne4 Bxe4 29. fxe4 Ke5 30. Kxd3 Kf4 31. c4 g4 32. b4 h5 33. c5 h4
34. b5 Ke5 35. Kc4 Ke6 36. a4 g3 37. hxg3 hxg3 38. Kd4 Ke7 39. Kd5 Kd7 40. a5
Ke7 41. c6 bxc6+ 42. Kxc6 Kd8 43. Kb7 a6 44. Kxa6 1-0

[Event "Kreis-EM Mfr.Mitte 1997/98"]
[Site "Stein (15.11.-6.12.97)"]
[Date "1997.??.??"]
[Round "6"]
[White "Seibert, Volker"]
[Black "Kuehnel, Stefan(64)"]
[Result "1-0"]
[WhiteElo "1728"]
[BlackElo "1532"]
[PlyCount "67"]
[EventDate "1997.12.??"]
[BlackTeam "Stein SC"]

1. e4 e5 2. Nf3 d6 3. Bc4 Nf6 4. Ng5 d5 5. exd5 Nxd5 6. Qf3 Qxg5 7. Bxd5 f6 8.
Bxb7 Bxb7 9. Qxb7 Bd6 10. Qxa8 O-O 11. Qd5+ Kh8 12. O-O Nd7 13. d3 Qh5 14. Nc3
Nb6 15. Qf3 Qf7 16. Ne4 h6 17. Nxd6 cxd6 18. b3 Nd5 19. c4 Ne7 20. Qb7 g5 21.
Ba3 Qe6 22. Qxa7 Ng6 23. Qc7 Rg8 24. Qxd6 Qf5 25. c5 Nf4 26. Qc6 g4 27. Qe4 Qg5
28. Bc1 h5 29. Kh1 h4 30. g3 hxg3 31. fxg3 Qh5 32. Bxf4 exf4 33. Rxf4 Qxc5 34.
Rxg4 1-0

[Event "Kreis-EM Mfr.Mitte 1997/98"]
[Site "Stein (15.11.-6.12.97)"]
[Date "1997.??.??"]
[Round "6"]
[White "Ganslmayer, Herbert"]
[Black "Hasenoeder, Matthias"]
[Result "1-0"]
[WhiteElo "1807"]
[BlackElo "1670"]
[PlyCount "51"]
[EventDate "1997.12.??"]
[WhiteTeam "Zirndorf SK"]

1. c4 e6 2. Nc3 c5 3. g3 Nc6 4. Bg2 Nf6 5. d3 Be7 6. e4 O-O 7. Nge2 d6 8. O-O
Nd7 9. Bf4 f5 10. exf5 Rxf5 11. Bh3 Rf6 12. Bg5 Rg6 13. Bxe7 Qxe7 14. Nf4 Rh6
15. Re1 Nf8 16. Bg2 Qf6 17. Ne4 Qd4 18. Nc3 a6 19. Nh5 Ne5 20. Be4 Neg6 21.
Bxg6 Rxh5 22. Bxh5 Bd7 23. Re4 Qf6 24. Qf3 Qxf3 25. Bxf3 Bc6 26. Re3 1-0

[Event "Kreis-EM Mfr.Mitte 1997/98"]
[Site "Stein (15.11.-6.12.97)"]
[Date "1997.??.??"]
[Round "6"]
[White "Gedak, Gerhard"]
[Black "Ringler, Claus++"]
[Result "1-0"]
[WhiteElo "1660"]
[BlackElo "1386"]
[PlyCount "103"]
[EventDate "1997.12.??"]

1. e4 e6 2. d4 d5 3. e5 c5 4. c3 Bd7 5. Bd3 cxd4 6. cxd4 Nc6 7. Ne2 Qb6 8. Bc2
Bb4+ 9. Nbc3 Nge7 10. O-O Ng6 11. Rb1 Be7 12. a3 Qd8 13. Be3 a6 14. f4 f5 15.
b4 Na7 16. Na4 b6 17. Nb2 Rc8 18. Qd2 Nb5 19. Ra1 h5 20. Bd3 Nc7 21. Rfc1 h4
22. h3 b5 23. Rc3 Na8 24. Rac1 Nb6 25. Qc2 Nc4 26. Bxc4 dxc4 27. Qd2 Bc6 28.
Kf2 Qd5 29. Rg1 Rd8 30. Rc2 Ba8 31. Nc3 Qb7 32. Qe2 Rd7 33. Qf3 Kf7 34. Rd1
Qxf3+ 35. gxf3 Bd8 36. Rcd2 Bb6 37. a4 Rhd8 38. axb5 axb5 39. Nxb5 Rd5 40. Nd6+
R8xd6 41. exd6 c3 42. Na4 cxd2 43. Nxb6 Bc6 44. Nxd5 exd5 45. Rxd2 Bb5 46. Ra2
Ke6 47. Ra7 Bd7 48. Ra6 Nh8 49. Bd2 Nf7 50. Rb6 Nxd6 51. b5 Bxb5 52. Bb4 1-0

[Event "Kreis-EM Mfr.Mitte 1997/98"]
[Site "Stein (15.11.-6.12.97)"]
[Date "1997.??.??"]
[Round "6"]
[White "Schanz, Karlheinz"]
[Black "Gawlas, Gunder"]
[Result "1-0"]
[WhiteElo "1758"]
[BlackElo "1578"]
[PlyCount "95"]
[EventDate "1997.12.??"]

1. d4 f5 2. g3 g6 3. Bg2 Bg7 4. Nf3 Nf6 5. c3 O-O 6. O-O e6 7. Nbd2 d6 8. Re1
h6 9. Qc2 g5 10. e4 fxe4 11. Nxe4 Nxe4 12. Qxe4 Qf6 13. Be3 Nc6 14. Qc2 Kh8 15.
Nd2 e5 16. Nb3 Bf5 17. Be4 Bxe4 18. Qxe4 Rae8 19. Qg2 Qg6 20. Rad1 e4 21. Re2
b6 22. Rde1 d5 23. h3 g4 24. h4 Ne7 25. Bc1 Rf6 26. Na1 Ref8 27. Nc2 h5 28. Bg5
R6f7 29. Ne3 c6 30. b4 b5 31. a4 a6 32. axb5 axb5 33. Ra1 Nf5 34. Rea2 Nxe3 35.
fxe3 Bh6 36. Bf4 Bxf4 37. gxf4 Qf6 38. Qg3 Rc8 39. Kg2 Qf5 40. Ra6 Rb7 41. Kf2
Qf6 42. Ra8 Rbb8 43. R8a7 Rf8 44. Kg2 Rf7 45. Qh2 Rxa7 46. Rxa7 Qd8 47. f5 Qe8
48. Qf4 1-0

[Event "Kreis-EM Mfr.Mitte 1997/98"]
[Site "Stein (15.11.-6.12.97)"]
[Date "1997.??.??"]
[Round "6"]
[White "Schmid, Stefan(63)"]
[Black "Suess, Helmut"]
[Result "0-1"]
[WhiteElo "1738"]
[BlackElo "1965"]
[PlyCount "46"]
[EventDate "1997.12.??"]

1. g4 d5 2. Bg2 Bxg4 3. c4 c6 4. cxd5 cxd5 5. Qb3 Nf6 6. Nc3 Qb6 7. Qxb6 axb6
8. Nxd5 Nxd5 9. Bxd5 Nc6 10. Nf3 Ra5 11. Rg1 Bxf3 12. Bxf3 Nd4 13. Be4 Re5 14.
Bd3 Nf3+ 15. Kf1 Nxg1 16. Kxg1 e6 17. f3 Bd6 18. f4 Ra5 19. Be4 Bxf4 20. Bf3
O-O 21. b4 Rg5+ 22. Kh1 Rc8 23. e3 Be5 0-1

[Event "Kreis-EM Mfr.Mitte 1997/98"]
[Site "Stein (15.11.-6.12.97)"]
[Date "1997.??.??"]
[Round "6"]
[White "Walter, Markus Dr(70)"]
[Black "Schloetterer, Hermann"]
[Result "1/2-1/2"]
[WhiteElo "1993"]
[BlackElo "1907"]
[PlyCount "113"]
[EventDate "1997.12.??"]

1. e4 c5 2. f4 g6 3. Nf3 Bg7 4. d3 Nc6 5. g3 e6 6. Bg2 Nge7 7. O-O O-O 8. c3
Rb8 9. Be3 d6 10. Qc2 b5 11. e5 Qc7 12. exd6 Qxd6 13. Nbd2 Rd8 14. Nb3 c4 15.
dxc4 bxc4 16. Nc5 Nd5 17. Bf2 Qc7 18. Rfd1 Nce7 19. Nd2 Rb5 20. Nce4 Nf5 21.
Nf1 Bd7 22. b4 cxb3 23. axb3 a5 24. Rac1 Rbb8 25. c4 Nb4 26. Qe2 Bc6 27. Rxd8+
Rxd8 28. Rd1 Nd4 29. Bxd4 Rxd4 30. Rxd4 Bxd4+ 31. Kh1 Qb6 32. Nfd2 Kg7 33. h4
h5 34. Ng5 Nc2 35. Bxc6 Qxc6+ 36. Qe4 Qxe4+ 37. Ngxe4 Nb4 38. Nf3 Ba7 39. Nd6
Nc6 40. Ng5 Nd4 41. Nb5 Nxb5 42. cxb5 Kf6 43. Kg2 Ke7 44. Kf3 f6 45. Ne4 Bd4
46. Nd2 Kd7 47. Nc4 Bc3 48. g4 Be1 49. gxh5 gxh5 50. Ke2 Bxh4 51. Nxa5 Bg3 52.
Kf3 Be1 53. Nc4 Kc7 54. Ke2 Bg3 55. Kf3 Be1 56. Kg2 Kb7 57. Kf3 1/2-1/2

[Event "Kreis-EM Mfr.Mitte 1997/98"]
[Site "Stein (15.11.-6.12.97)"]
[Date "1997.??.??"]
[Round "6"]
[White "Wassner, Karl++"]
[Black "Bodakosch, Josef"]
[Result "0-1"]
[WhiteElo "1537"]
[BlackElo "1446"]
[PlyCount "80"]
[EventDate "1997.12.??"]

1. e4 e5 2. Nf3 d6 3. h3 h6 4. Bc4 c6 5. Nc3 Nf6 6. d4 Qe7 7. O-O Be6 8. Bxe6
Qxe6 9. Nh2 Qc4 10. Be3 Nbd7 11. f4 b5 12. a3 Be7 13. Qd3 Qxd3 14. cxd3 exd4
15. Bxd4 O-O 16. Be3 a5 17. Na2 d5 18. e5 Ne8 19. Rac1 c5 20. Nc3 d4 21. Nd5
dxe3 22. Nxe7+ Kh7 23. Nd5 Rc8 24. Nxe3 Nc7 25. Rc2 Ne6 26. Nf5 g6 27. Nd6 Rb8
28. Rcf2 Nd4 29. Nf3 Nb3 30. Nd2 Nd4 31. Rc1 Ne6 32. f5 gxf5 33. Rxf5 Kg6 34.
Rcf1 Nd4 35. Rxf7 Rxf7 36. Nxf7 Re8 37. Ne4 Nxe5 38. Rf6+ Kg7 39. Nxh6 Nxd3 40.
Nf5+ Nxf5 0-1

[Event "Kreis-EM Mfr.Mitte 1997/98"]
[Site "Stein (15.11.-6.12.97)"]
[Date "1997.??.??"]
[Round "7"]
[White "Braginskij, Alexej"]
[Black "Grasser, Stefan"]
[Result "1-0"]
[WhiteElo "1873"]
[BlackElo "1552"]
[PlyCount "61"]
[EventDate "1997.12.??"]
[WhiteTeam "Fürth-2002 SZ"]

1. e4 e5 2. Nf3 Nc6 3. Bb5 a6 4. Ba4 b5 5. Bb3 Bc5 6. O-O Nf6 7. Nxe5 Nxe5 8.
d4 Bxd4 9. Qxd4 d6 10. Bg5 c5 11. Bxf6 Qxf6 12. Qd5 Rb8 13. f4 Ng4 14. e5 dxe5
15. Qxc5 Qb6 16. Qxb6 Rxb6 17. Re1 Be6 18. h3 Nh6 19. Rxe5 O-O 20. Nc3 Bxb3 21.
axb3 f6 22. Re7 Rd8 23. Ra7 Rd2 24. R1xa6 Rxa6 25. Rxa6 Rxc2 26. Nxb5 Rxb2 27.
Nd4 Kf8 28. Ra8+ Kf7 29. Ra7+ Kg6 30. g4 Ng8 31. Nf5 1-0

[Event "Kreis-EM Mfr.Mitte 1997/98"]
[Site "Stein (15.11.-6.12.97)"]
[Date "1997.??.??"]
[Round "7"]
[White "Schloetterer, Hermann"]
[Black "Goetz, Dieter(65)"]
[Result "0-1"]
[WhiteElo "1907"]
[BlackElo "1958"]
[PlyCount "78"]
[EventDate "1997.12.??"]
[BlackTeam "Nürnberg-1911 SK"]

1. d4 Nf6 2. Nf3 d6 3. g3 Nbd7 4. Bg2 c6 5. c4 e5 6. dxe5 dxe5 7. O-O Bc5 8.
Nc3 a5 9. Qc2 O-O 10. h3 Re8 11. Ng5 h6 12. Nge4 Qc7 13. b3 Be7 14. Bb2 Nc5 15.
Nxf6+ Bxf6 16. a3 Qb6 17. Rab1 Qxb3 18. Qxb3 Nxb3 19. Ne4 a4 20. Nxf6+ gxf6 21.
Rbd1 Be6 22. Rd6 Red8 23. Rfd1 Rxd6 24. Rxd6 Na5 25. Bc1 Nxc4 26. Rd1 Kg7 27.
Kh2 f5 28. e4 fxe4 29. Bxe4 f5 30. Bc2 b5 31. g4 fxg4 32. hxg4 Bd5 33. Rd3 Rf8
34. f4 exf4 35. Rh3 Ne3 36. Bb2+ Kg8 37. Bg6 Nxg4+ 38. Kg1 f3 39. Rg3 f2+ 0-1

[Event "Kreis-EM Mfr.Mitte 1997/98"]
[Site "Stein (15.11.-6.12.97)"]
[Date "1997.??.??"]
[Round "7"]
[White "Holl, Manfred"]
[Black "Seibert, Volker"]
[Result "1-0"]
[WhiteElo "1893"]
[BlackElo "1728"]
[PlyCount "99"]
[EventDate "1997.12.??"]
[WhiteTeam "Nürnberg-Süd SW"]

1. e4 c5 2. Nf3 Nc6 3. Nc3 Nf6 4. Bc4 e6 5. d4 cxd4 6. Nxd4 d6 7. O-O Be7 8.
Bg5 a6 9. a4 O-O 10. Qd2 Nxd4 11. Qxd4 Qc7 12. a5 Rd8 13. Bb3 h6 14. Bh4 Bd7
15. f3 d5 16. Kh1 e5 17. Qf2 d4 18. Bxf6 Bxf6 19. Nd5 Qd6 20. f4 exf4 21. Qxf4
Qxf4 22. Rxf4 Bg5 23. Ne7+ Bxe7 24. Rxf7 Kh8 25. Rxe7 Bc6 26. Rf1 Re8 27. Rff7
Rxe7 28. Rxe7 Rf8 29. Kg1 Bb5 30. h3 Rf1+ 31. Kh2 Bc6 32. Bc4 Ra1 33. Re5 Re1
34. Bd3 g6 35. Re6 Kg7 36. Bxa6 Rxe4 37. Rxe4 Bxe4 38. Bd3 Bc6 39. b4 Kf6 40.
b5 Bd5 41. a6 bxa6 42. bxa6 Ke6 43. Bxg6 Kd6 44. Kg3 Kc7 45. Kf2 Kb6 46. Bd3
Bc6 47. g4 Bd7 48. Kg3 Be8 49. Kf4 Bc6 50. h4 1-0

[Event "Kreis-EM Mfr.Mitte 1997/98"]
[Site "Stein (15.11.-6.12.97)"]
[Date "1997.??.??"]
[Round "7"]
[White "Neumann, Peter(46)"]
[Black "Bodakosch, Josef"]
[Result "1-0"]
[WhiteElo "1482"]
[BlackElo "1446"]
[PlyCount "115"]
[EventDate "1997.12.??"]
[WhiteTeam "Nürnberg-Süd SW"]

1. c4 Nf6 2. Nc3 e6 3. g3 Bb4 4. Bg2 Bxc3 5. dxc3 h6 6. Nf3 O-O 7. O-O d6 8.
Qc2 e5 9. Kh1 e4 10. Ng1 Bf5 11. Be3 Re8 12. Rad1 Bg6 13. h3 Nc6 14. b4 Qe7 15.
Qc1 Ne5 16. c5 d5 17. Bd4 c6 18. f4 exf3 19. exf3 Nc4 20. Rfe1 Qc7 21. Ne2 Nh5
22. Kh2 Re6 23. Nf4 Nxf4 24. gxf4 Rae8 25. Rxe6 Rxe6 26. Re1 Qe7 27. Rxe6 Qxe6
28. Kg3 Qe2 29. a3 Bd3 30. a4 b6 31. cxb6 axb6 32. Qg1 Nd6 33. Bxb6 Nf5+ 34.
Kh2 Nh4 35. Qf2 Qxf2 36. Bxf2 Nf5 37. a5 Ba6 38. Bc5 f6 39. Kg1 Kf7 40. Kf2 Ke6
41. Bf1 Bb7 42. a6 Ba8 43. b5 cxb5 44. Bxb5 g5 45. fxg5 hxg5 46. Bd3 Ng7 47. c4
dxc4 48. Bxc4+ Kd7 49. Ke3 Kc6 50. Bd4 Nf5+ 51. Kd3 Nxd4 52. Kxd4 Kb6 53. Bd5
Bxd5 54. Kxd5 f5 55. Ke5 g4 56. fxg4 fxg4 57. hxg4 Kxa6 58. g5 1-0

[Event "Kreis-EM Mfr.Mitte 1997/98"]
[Site "Stein (15.11.-6.12.97)"]
[Date "1997.??.??"]
[Round "7"]
[White "Suess, Helmut"]
[Black "Klein, Waldemar(58)"]
[Result "1/2-1/2"]
[WhiteElo "1965"]
[BlackElo "1951"]
[PlyCount "135"]
[EventDate "1997.12.??"]
[BlackTeam "Nürnberg-Süd SW"]

1. d4 g6 2. Nf3 d5 3. Bf4 Bg7 4. e3 Nf6 5. c4 O-O 6. Nc3 c6 7. Bd3 Be6 8. Ng5
Bf5 9. Bxf5 gxf5 10. Qe2 dxc4 11. Qxc4 Nbd7 12. h3 Nb6 13. Qb3 Nfd5 14. Bh2
Nxc3 15. bxc3 Qd5 16. O-O Qxb3 17. axb3 Nd7 18. Ra5 e6 19. Rfa1 a6 20. R1a2 Bf6
21. Nf3 Rac8 22. Ne5 Bxe5 23. Bxe5 Nxe5 24. Rxe5 Rfd8 25. Rea5 Rd5 26. c4 Rxa5
27. Rxa5 Rd8 28. g3 Kg7 29. Kg2 Kf6 30. Kf3 Rd7 31. Kf4 Rd8 32. g4 fxg4 33.
hxg4 h6 34. f3 Ra8 35. Rh5 Kg6 36. Rc5 Rd8 37. Ke4 Re8 38. Ke5 Rd8 39. f4 f5
40. gxf5+ exf5 41. d5 cxd5 42. cxd5 Re8+ 43. Kd4 Re4+ 44. Kd3 Re7 45. Rc8 Kf6
46. Rh8 Kg7 47. Rc8 Kf6 48. Rc1 Rh7 49. Rh1 Kg6 50. Kd4 Re7 51. Rh3 Rh7 52. Ke5
Re7+ 53. Kd6 Kf7 54. Rxh6 Rxe3 55. Rh7+ Kf6 56. Rxb7 Rf3 57. Rb4 a5 58. Rc4
Rxb3 59. Kc7 Rd3 60. d6 Ke6 61. Rc5 a4 62. Re5+ Kf6 63. d7 Rc3+ 64. Kd8 Rc4 65.
Ke8 Rxf4 66. Rxf5+ Kxf5 67. d8=Q Re4+ 68. Kf7 1/2-1/2

[Event "Kreis-EM Mfr.Mitte 1997/98"]
[Site "Stein (15.11.-6.12.97)"]
[Date "1997.??.??"]
[Round "7"]
[White "Schrenk, Robert"]
[Black "Schanz, Karlheinz"]
[Result "0-1"]
[WhiteElo "1589"]
[BlackElo "1758"]
[PlyCount "92"]
[EventDate "1997.12.??"]
[WhiteTeam "Nürnberg-Zabo Spvg"]

1. c4 c5 2. Nf3 Nf6 3. Nc3 Nc6 4. e3 g6 5. d4 cxd4 6. exd4 d5 7. Be2 Bg7 8. Be3
O-O 9. h3 e6 10. O-O Ne7 11. Rc1 b6 12. Qc2 Bb7 13. c5 bxc5 14. dxc5 Nc6 15.
Nb5 Ne8 16. Nd6 Nxd6 17. cxd6 a6 18. Bc5 Qd7 19. b4 Rfc8 20. Qb3 Ne5 21. Nd4
Nc6 22. Nxc6 Bxc6 23. Rfe1 Bf8 24. Qg3 Bb5 25. h4 Rc6 26. h5 Bxe2 27. Rxe2 Bxd6
28. Qg5 Bxc5 29. bxc5 Qd8 30. Qg4 Qf6 31. h6 g5 32. Qh3 Rac8 33. Rec2 e5 34.
Qb3 d4 35. Qd5 Rd8 36. Qe4 Qe6 37. a4 f5 38. Qd3 e4 39. Qd2 Qxh6 40. Rc4 Qf6
41. Qb2 Qg7 42. a5 d3 43. Qb6 Rdc8 44. Kf1 Qh6 45. Kg1 g4 46. Rd4 Qxc1+ 0-1

[Event "Kreis-EM Mfr.Mitte 1997/98"]
[Site "Stein (15.11.-6.12.97)"]
[Date "1997.??.??"]
[Round "7"]
[White "Kuehnel, Stefan(64)"]
[Black "Gawlas, Gunder"]
[Result "1/2-1/2"]
[WhiteElo "1532"]
[BlackElo "1578"]
[PlyCount "46"]
[EventDate "1997.12.??"]
[WhiteTeam "Stein SC"]

1. e4 e5 2. Bc4 Nf6 3. Nf3 d6 4. d3 Be7 5. Nc3 Bg4 6. h3 Bh5 7. Bd2 Nc6 8. a3
Qd7 9. Nd5 Nd4 10. g4 Bg6 11. Nxd4 exd4 12. Nxe7 Qxe7 13. Bg5 O-O-O 14. Bb3
Rde8 15. f3 h6 16. Bh4 Qe5 17. Qe2 Nd7 18. O-O-O f5 19. Kb1 Rhf8 20. Rhf1 f4
21. Qd2 Bf7 22. Qb4 Bxb3 23. cxb3 Qc5 1/2-1/2

[Event "Kreis-EM Mfr.Mitte 1997/98"]
[Site "Stein (15.11.-6.12.97)"]
[Date "1997.??.??"]
[Round "7"]
[White "Schmidt, Erich(34)++"]
[Black "Gedak, Gerhard"]
[Result "1/2-1/2"]
[WhiteElo "1650"]
[BlackElo "1660"]
[PlyCount "47"]
[EventDate "1997.12.??"]
[WhiteTeam "Stein SC"]

1. d4 d5 2. Nf3 e6 3. c4 c5 4. Nc3 Nf6 5. Bg5 Nc6 6. cxd5 exd5 7. e3 Be6 8. Bb5
Be7 9. dxc5 Bxc5 10. O-O O-O 11. Rc1 Be7 12. Qa4 Qb6 13. Bxf6 Bxf6 14. Bxc6
bxc6 15. Qc2 Rac8 16. h4 Bg4 17. Ng5 g6 18. Na4 Qd8 19. f3 Bd7 20. Nc5 Qe7 21.
Qf2 Rc7 22. f4 Bc8 23. g3 Re8 24. Rfe1 1/2-1/2

[Event "Kreis-EM Mfr.Mitte 1997/98"]
[Site "Stein (15.11.-6.12.97)"]
[Date "1997.??.??"]
[Round "7"]
[White "Ganslmayer, Herbert"]
[Black "Walter, Markus Dr(70)"]
[Result "0-1"]
[WhiteElo "1807"]
[BlackElo "1993"]
[PlyCount "32"]
[EventDate "1997.12.??"]
[WhiteTeam "Zirndorf SK"]

1. c4 Nf6 2. Nc3 g6 3. g3 Bg7 4. Bg2 c6 5. d3 d5 6. Bd2 e5 7. Nf3 d4 8. Ne4
Nxe4 9. dxe4 O-O 10. Qc1 d3 11. exd3 Qxd3 12. Qc3 Qxe4+ 13. Be3 Be6 14. b3 Bh3
15. O-O Bxg2 16. Kxg2 Qxf3+ 0-1

[Event "Kreis-EM Mfr.Mitte 1997/98"]
[Site "Stein (15.11.-6.12.97)"]
[Date "1997.??.??"]
[Round "7"]
[White "Betz, Egon"]
[Black "Zaudtke, Friedrich Wilhelm"]
[Result "1-0"]
[WhiteElo "1904"]
[BlackElo "1601"]
[PlyCount "99"]
[EventDate "1997.12.??"]

1. e4 c5 2. Nc3 d6 3. f4 Nc6 4. Nf3 e6 5. Bb5 Bd7 6. a4 Be7 7. O-O a6 8. Bc4
Qc7 9. d3 Nf6 10. Bd2 O-O 11. Qe1 Nd4 12. Rc1 Bxa4 13. Nxa4 b5 14. Ba5 Qb7 15.
Nxd4 cxd4 16. Nb6 bxc4 17. Nxa8 Rxa8 18. e5 Nd5 19. Qe4 Qb5 20. dxc4 Qxc4 21.
c3 Rc8 22. Qxd4 Qb5 23. c4 Qxa5 24. cxd5 Rb8 25. dxe6 fxe6 26. exd6 Bf6 27. Qc4
Qb6+ 28. Kh1 Qxd6 29. Rcd1 Qb6 30. b3 a5 31. Rd3 Re8 32. Rfd1 Kh8 33. Rd6 Qb8
34. Rxe6 Rxe6 35. Qxe6 h6 36. Qc4 Qe8 37. Rc1 Qe3 38. h3 Bb2 39. Rd1 Bf6 40.
Qc8+ Kh7 41. Qc4 Bh4 42. Qd3+ Qxd3 43. Rxd3 Bf6 44. g4 Be7 45. Kg2 Kg8 46. Kf3
Kf7 47. Ke4 Bb4 48. Rd7+ Kg8 49. Kf5 Kh7 50. g5 1-0

[Event "Kreis-EM Mfr.Mitte 1997/98"]
[Site "Stein (15.11.-6.12.97)"]
[Date "1997.??.??"]
[Round "7"]
[White "Hasenoeder, Matthias"]
[Black "Wassner, Karl++"]
[Result "1-0"]
[WhiteElo "1670"]
[BlackElo "1537"]
[PlyCount "51"]
[EventDate "1997.12.??"]

1. d4 d5 2. c4 e5 3. dxe5 d4 4. Nf3 Nc6 5. g3 Bg4 6. Nbd2 Bb4 7. Bg2 Qd7 8. O-O
O-O-O 9. a3 Bxd2 10. Bxd2 Bxf3 11. Bxf3 Nxe5 12. Bg2 h5 13. f4 Nc6 14. Qa4 Nge7
15. Bb4 Kb8 16. Bc5 a6 17. b4 Na7 18. b5 b6 19. Qxa6 c6 20. Qxb6+ Ka8 21. Rab1
Rc8 22. Rb4 Rc7 23. Qa6 Qc8 24. Qa5 Rb7 25. b6 Qd7 26. Rfb1 1-0

[Event "Kreis-EM Mfr.Mitte 1997/98"]
[Site "Stein (15.11.-6.12.97)"]
[Date "1997.??.??"]
[Round "7"]
[White "Hennemann, Herbert"]
[Black "Schmid, Stefan(63)"]
[Result "0-1"]
[WhiteElo "1587"]
[BlackElo "1738"]
[PlyCount "56"]
[EventDate "1997.12.??"]

1. d4 e6 2. c4 d5 3. Nc3 Nf6 4. Nf3 dxc4 5. e4 Bb4 6. Qc2 c5 7. Be3 cxd4 8.
Bxd4 Nc6 9. O-O-O Qa5 10. Bxc4 Bd7 11. Bxf6 gxf6 12. Rxd7 Kxd7 13. Rd1+ Ke7 14.
Nd5+ exd5 15. exd5 Ne5 16. Qe2 Qc7 17. b3 b5 18. Nd4 bxc4 19. Nc6+ Kd6 20. Nxb4
Nd3+ 21. Kd2 Nxb4 22. bxc4 Na6 23. Rc1 Qa5+ 24. Kd1 Rhe8 25. c5+ Nxc5 26. Rxc5
Qxc5 27. Qa6+ Kxd5 28. Qd3+ Qd4 0-1

[Event "Kreis-EM Mfr.Mitte 1997/98"]
[Site "Stein (15.11.-6.12.97)"]
[Date "1997.??.??"]
[Round "7"]
[White "Ponnath, Lorenz"]
[Black "Konsek, Peter"]
[Result "1-0"]
[WhiteElo "2036"]
[BlackElo "1929"]
[PlyCount "101"]
[EventDate "1997.12.??"]

1. d4 Nf6 2. c4 g6 3. Nc3 Bg7 4. e4 d6 5. f3 O-O 6. Bg5 Nc6 7. Qd2 e5 8. Nge2
Nxd4 9. h4 Ne6 10. O-O-O Nxg5 11. hxg5 Nd7 12. Ng1 f5 13. gxf6 Nxf6 14. c5 Be6
15. cxd6 cxd6 16. Qxd6 Qxd6 17. Rxd6 Bf7 18. Bd3 Rfc8 19. Bc2 Rc7 20. Nge2 Ne8
21. Rd3 Bc4 22. Bb3 Bxb3 23. axb3 Nf6 24. Rhd1 Bf8 25. Kb1 Rac8 26. Nb5 Rc5 27.
Rc3 Rxc3 28. Nexc3 a6 29. Nd6 Bxd6 30. Rxd6 Kf7 31. Rb6 Rb8 32. Na4 Nd7 33. Rd6
Ke7 34. Rd5 Rc8 35. b4 Ke6 36. b5 axb5 37. Rxb5 Rc7 38. Nc3 b6 39. Na4 Rc6 40.
b3 Rd6 41. Kc2 Kf6 42. Nb2 Ke6 43. Nc4 Rc6 44. Kc3 Kf6 45. Rd5 Ke6 46. Kb4 Rc7
47. g3 Rc8 48. Rxd7 Rxc4+ 49. Kxc4 Kxd7 50. Kd5 Ke7 51. Kxe5 1-0

[Event "Kreis-EM Mfr.Mitte 1997/98"]
[Site "Stein (15.11.-6.12.97)"]
[Date "1997.??.??"]
[Round "7"]
[White "Ringler, Claus++"]
[Black "Pilch, Jan"]
[Result "0-1"]
[WhiteElo "1386"]
[BlackElo "1577"]
[PlyCount "66"]
[EventDate "1997.12.??"]

1. d4 d5 2. Nf3 Nc6 3. e3 e6 4. c3 Nf6 5. Bd3 Bd6 6. Nbd2 O-O 7. O-O e5 8. e4
dxe4 9. Nxe4 Nxe4 10. Bxe4 Bg4 11. Bxh7+ Kh8 12. Bb1 f5 13. Qc2 Bxf3 14. gxf3
Qh4 15. Re1 e4 16. Qd1 Qxh2+ 17. Kf1 Qh1+ 18. Ke2 Qxf3+ 19. Kf1 Qh3+ 20. Ke2
Rae8 21. Rh1 Bh2 22. Bc2 Qf3+ 23. Kf1 Qxh1+ 24. Ke2 Qxd1+ 25. Kxd1 f4 26. Ke2
f3+ 27. Kf1 Bf4 28. d5 Na5 29. Ba4 c6 30. Bxf4 Rxf4 31. d6 b5 32. d7 Rd8 33.
Rd1 bxa4 0-1

[Event "Kreis-EM Mfr.Mitte 1997/98"]
[Site "Stein (15.11.-6.12.97)"]
[Date "1997.??.??"]
[Round "7"]
[White "Soergel, Frank"]
[Black "Proebster, Georg"]
[Result "1-0"]
[WhiteElo "1956"]
[BlackElo "1751"]
[PlyCount "95"]
[EventDate "1997.12.??"]

1. e4 c5 2. c3 Nf6 3. e5 Nd5 4. d4 cxd4 5. Qxd4 e6 6. Nf3 Nc6 7. Qe4 d6 8. Bc4
dxe5 9. Nxe5 Bc5 10. Nxc6 bxc6 11. O-O O-O 12. Bd3 f5 13. Qe2 Qf6 14. a3 e5 15.
c4 Nc7 16. Bc2 Ne6 17. Be3 Nd4 18. Bxd4 Bxd4 19. Nc3 Rb8 20. Rab1 Ba6 21. Nd1
f4 22. b3 c5 23. Be4 Bb7 24. Kh1 Bc8 25. f3 Qh4 26. Nf2 Rb6 27. Ng4 h5 28. Nxe5
Qg5 29. Nd3 h4 30. Nf2 Bxf2 31. Qxf2 Rh6 32. Bd5+ Kh8 33. Qxc5 Re8 34. Rbe1 Rd8
35. Qe7 Qxe7 36. Rxe7 h3 37. Rfe1 hxg2+ 38. Kxg2 Bh3+ 39. Kf2 Bf5 40. Re8+ Rxe8
41. Rxe8+ Kh7 42. Kg2 Rg6+ 43. Kh1 Rg5 44. Re5 Kg6 45. Be4 Kf6 46. Rxf5+ Rxf5
47. Bxf5 Kxf5 48. Kg2 1-0